000 00648nam a2200265Ia 4500
005 20260121165807.0
008 008 260114s9999 xx 000 0 eng d
020 _a9783319572345
037 _aEBOOK
040 _aCRL
040 _beng
040 _cCRL
041 _2eng
041 _aeng
084 _qCRL
100 _aJakub M. Godzimirski
_91056102
245 4 _aThe Political Economy of Russian Aluminium
260 _bSpringer
260 _bSpringer
260 _c2018
856 _uhttps://link.springer.com/openurl?genre=book&isbn=978-3-319-57234-5
942 _cEBOOK
999 _c1621830
_d1621830